000
00318nam a22001337a 4500
020
_a
978-04-3984-119-1
082
_a
823
_b
STI/W
100
_a
STILTON, GERONIMO
245
_a
WEDDING CRASHER
260
_a
NEW YORK
_b
SCHOLASTIC INC
_c
2017
300
_a
111
650
_a
CHILDRENS STORY BOOK
_z
UNITED STATES
942
_c
BK
999
_c
4592
_d
4592